000 00459nam a2200193Ia 4500
005 20240823033910.0
008 240823s9999||||xx |||||||||||||| ||und||
020 _a978-81-264-3272-1
041 _aMALAYALAM
082 _A894.8127 Q2
100 _aManiyatt J V
245 0 _a100 Viswaprasidhrute Phalithangal
250 _a1st
260 _c2012
_b"D C Books,Kot"
500 _aDISPLAY
650 _aHumour
_bGeneral
942 _cBK
999 _c196923
_d196923